000 01040nam a22003257a 4500
003 DO-SdBNP
005 20240530073926.0
007 ta
008 110301s2020 dr 000 0 spa d
020 _a9789945616583
040 _aDO-SdBNP
_bspa
_cBNPHU
_erda
082 4 _aRD863.5
_bG633c
_222
100 1 _aGómez Natera, Ingrid
_eautora
_953018
245 1 3 _aEl cristo de los milagros /
_cIngrid Gómez Natera
264 _aSanto Domingo :
_bFUNGLODE,
_c2020.
300 _a313 paginas :
_c23 cm.
336 _2rdacontent
_atexto
_btxt
337 _2rdamedia
_asin mediación
_bn
338 _2rdacarrier
_avolumen
_bnc
490 1 _aPremios
500 _aIncluye datos biográficos de la autora : p.9
586 _aPremio único. FUNGLODE, 2019. Novela
590 _aInventariado, 2022/ YL
650 4 _aNovela
_zRepública Dominicana
_981566
650 4 _aLiteratura dominicana
650 4 0 _aNovela dominicana
_9223
830 0 _981429
_pPremios
910 _aYLockward/Validado. Control de calidad MFF
942 _2ddc
_cLBS1
999 _c51658
_d51658